A művészeti oktatás kérdése költészettanítás az elemi iskolában : (második közlemény) II. /

Elmentve itt :
Bibliográfiai részletek
Szerző: Palágyi Lajos
Dokumentumtípus: Cikk
Megjelent: 1908
Sorozat:Magyar pedagógia : a Magyar Tudományos Akadémia Pedagógiai Bizottságának folyóirata 17
Kulcsszavak:Irodalom tanítása módszer, Művészeti oktatás
Online Access:http://misc.bibl.u-szeged.hu/8443
LEADER 00749nab a2200181 i 4500
001 misc8443
005 20191106143911.0
008 170607s1908 hu o 0|| hun d
022 |a 0025-0260 
040 |a SZTE Miscellanea Repozitórium  |b hun 
041 |a hun 
100 1 |a Palágyi Lajos 
245 1 2 |a A művészeti oktatás kérdése   |h [elektronikus dokumentum] :  |b költészettanítás az elemi iskolában : (második közlemény) II. /  |c  Palágyi Lajos 
260 |c 1908 
300 |a 587-606 
490 0 |a Magyar pedagógia : a Magyar Tudományos Akadémia Pedagógiai Bizottságának folyóirata  |v 17 
695 |a Irodalom tanítása módszer, Művészeti oktatás 
856 4 0 |u http://misc.bibl.u-szeged.hu/8443/1/mp_1908_1327_587-606.pdf  |z Dokumentum-elérés